<?xml version="1.0" encoding="UTF-8"?>
<collection xmlns:xsi="http://www.w3.org/2001/XMLSchema-instance" xsi:schemaLocation="http://www.loc.gov/MARC21/slim http://www.loc.gov/standards/marcxml/schema/MARC21slim.xsd" xmlns="http://www.loc.gov/MARC21/slim">
 <record>
  <leader>00000cab a22000003a 4500</leader>
  <controlfield tag="001">UP-99796217608682205</controlfield>
  <controlfield tag="003">Buklod</controlfield>
  <controlfield tag="005">20231007234629.0</controlfield>
  <controlfield tag="006">m    |o  d |      </controlfield>
  <controlfield tag="007">ta</controlfield>
  <controlfield tag="008">090127s        xx     d | ||r |||||   ||</controlfield>
  <datafield tag="035" ind1=" " ind2=" ">
   <subfield code="a">(iLib)UPD-00073796822</subfield>
  </datafield>
  <datafield tag="040" ind1=" " ind2=" ">
   <subfield code="a">DENGII</subfield>
  </datafield>
  <datafield tag="041" ind1=" " ind2=" ">
   <subfield code="a">eng</subfield>
  </datafield>
  <datafield tag="100" ind1="0" ind2=" ">
   <subfield code="a">Danzig, Peter B.</subfield>
  </datafield>
  <datafield tag="245" ind1="0" ind2="2">
   <subfield code="a">A case for caching file objects inside internetworks.</subfield>
  </datafield>
  <datafield tag="300" ind1=" " ind2=" ">
   <subfield code="a">pp. 239-248</subfield>
  </datafield>
  <datafield tag="520" ind1=" " ind2=" ">
   <subfield code="a">This paper presents evidence that several, judiciously placed file caches could reduce the volume of FTP traffic by 42%, and hence the volume of all NSFNET backbone traffic by 21%. In addition, if FTP client and server software automatically compressed data, this savings could increase to 27%. We believe that a hierarchical architecture of whole file caches, modeled after the existing name server's caching architecture, could become a valuable part of any internet.We derived these conclusions by performing trace driven simulations of various file caching architectures, cache sizes, and replacement policies. We collected the traces of file transfer traffic employed in our simulations on a network that connects the NSFNET backbone to a large, regional network. This particular regional network is responsible for about 5 to 7% of NSFNET traffic.While this paper's analysis and discussion focus on caching for FTP file transfer, the proposed caching architecture applies to caching objects from other internetwork services.</subfield>
  </datafield>
  <datafield tag="653" ind1=" " ind2=" ">
   <subfield code="a">Computer systems organization.</subfield>
  </datafield>
  <datafield tag="653" ind1=" " ind2=" ">
   <subfield code="a">Computer communication networks.</subfield>
  </datafield>
  <datafield tag="653" ind1=" " ind2=" ">
   <subfield code="a">Network architecture and design.</subfield>
  </datafield>
  <datafield tag="653" ind1=" " ind2=" ">
   <subfield code="a">Internet.</subfield>
  </datafield>
  <datafield tag="653" ind1=" " ind2=" ">
   <subfield code="a">Packet switching networks.</subfield>
  </datafield>
  <datafield tag="653" ind1=" " ind2=" ">
   <subfield code="a">Network topology.</subfield>
  </datafield>
  <datafield tag="653" ind1=" " ind2=" ">
   <subfield code="a">Design.</subfield>
  </datafield>
  <datafield tag="653" ind1=" " ind2=" ">
   <subfield code="a">Performance.</subfield>
  </datafield>
  <datafield tag="773" ind1="0" ind2=" ">
   <subfield code="t">Computer communication review.</subfield>
   <subfield code="g">23, 4 (1993).</subfield>
  </datafield>
  <datafield tag="905" ind1=" " ind2=" ">
   <subfield code="a">FO</subfield>
  </datafield>
  <datafield tag="852" ind1=" " ind2=" ">
   <subfield code="a">UPD</subfield>
   <subfield code="b">DENG-II</subfield>
  </datafield>
  <datafield tag="942" ind1=" " ind2=" ">
   <subfield code="a">Article</subfield>
  </datafield>
 </record>
</collection>
